MARC

LEADER 00000nam0a2200000 4500
001 365086
005 20231102011742.0
035 |a (RuTPU)RU\TPU\retro\22449 
090 |a 365086 
100 |a 20211210d1981 km y0rusy50 ca 
101 0 |a rus 
102 |a GE 
105 |a a z 011zb 
200 1 |a Воспоминания о К. С. Завриеве  |e к 90-летию со дня рождения  |f Академия наук Грузинской ССР, Институт строительной механики и сейсмостойкости ; под ред. Н. С. Чиковани 
210 |a Тбилиси  |c Мецниереба  |d 1981 
215 |a 138 с.  |c ил. 
600 1 |a Завриев  |b К. С.  |c специалист в области строительной механики и сейсмостойкости сооружений  |f 1891-1978  |g Кириак Самсонович  |c академик АН Грузинской ССР  |2 stltpush  |3 (RuTPU)RU\TPU\pers\47031 
606 1 |a Строительная механика  |2 stltpush  |3 (RuTPU)RU\TPU\subj\57240  |9 75102 
610 1 |a строительство 
610 1 |a строители 
610 1 |a строительное искусство 
610 1 |a Грузия 
610 1 |a 20 век 
610 1 |a ученые 
610 1 |a персоналии 
610 1 |a воспоминания 
675 |a 624.04  |v 4 
702 1 |a Чиковани  |b Н. С.  |4 340 
712 0 2 |a Академия наук Грузинской ССР  |b Институт строительной механики и сейсмостойкости  |c (Тбилиси)  |2 stltpush  |3 (RuTPU)RU\TPU\col\19757  |9 27597 
801 1 |a RU  |b 63413507  |c 20211210 
801 2 |a RU  |b 63413507  |c 20220126  |g RCR 
942 |c BK